[Event "IND-ch Challengers 54th"]
[Site "Noida"]
[Date "2016.07.10"]
[Round "3"]
[White "Rajesh, VAV"]
[Black "Pradip, Ghosh"]
[Result "0-1"]
[WhiteElo "2335"]
[BlackElo "2121"]
[PlyCount "110"]
[EventDate "2016.07.09"]
[EventType "swiss"]
[EventRounds "13"]
[EventCountry "IND"]
[SourceTitle "CBM 173 Extra"]
[Source "ChessBase"]
[SourceDate "2016.08.29"]
[SourceVersion "1"]
[SourceVersionDate "2016.08.29"]
[SourceQuality "1"]

1. d4 Nf6 2. c4 e6 3. Nc3 c5 4. d5 d6 5. e4 Be7 6. Bd3 0-0 7. Nge2 exd5 8. exd5 Nbd7 9. f4 Re8 10. 0-0 Nf8 11. Ng3 a6 12. a4 b6 13. Bd2 Ng6 14. Nf5 Bf8 15. g4 Ne7 16. Ne3 h5 17. gxh5 Kh8 18. Kh1 Neg8 19. Rg1 Nh6 20. Qf3 Ra7 21. Rg3 Rae7 22. Rag1 Bd7 23. f5 Re5 24. b3 Qc8 25. Rf1 Qd8 26. Bc1 Qe7 27. Rfg1 Bc8 28. h3 Bd7 29. Kh2 Nh7 30. Ncd1 f6 31. Qf4 Ng5 32. Nf2 Qf7 33. Nfg4 Qxh5 34. Nxe5 dxe5 35. Qf2 Bd6 36. Be2 Qh4 37. Ng2 Qd4 38. Be3 Ne4 39. Bxd4 exd4 40. Bh5 Nxf2 41. Bxe8 Bxe8 42. Re1 Bd7 43. Nh4 Nxf5 44. Nxf5 Bxf5 45. Kg2 Bxg3 46. Re8+ Kh7 47. Kxg3 Ne4+ 48. Kf3 d3 49. d6 Nxd6 50. Rd8 Nf7 51. Rb8 Ne5+ 52. Ke3 Nd7 53. Ra8 a5 54. h4 g5 55. hxg5 fxg5 0-1

[Event "Gurgon op 1st"]
[Site "Gurgon"]
[Date "2009.01.26"]
[Round "7"]
[White "Pradip, Ghosh"]
[Black "Murali Krishnan, BT."]
[Result "0-1"]
[WhiteElo "2211"]
[BlackElo "2444"]
[PlyCount "82"]
[EventDate "2009.01.21"]
[EventType "swiss"]
[EventRounds "10"]
[EventCountry "IND"]
[SourceTitle "CBM 128 Extra"]
[Source "ChessBase"]
[SourceDate "2009.03.05"]
[SourceVersion "2"]
[SourceVersionDate "2009.03.25"]
[SourceQuality "1"]

1. e4 d5 2. Nc3 d4 3. Nce2 e5 4. Ng3 Be6 5. Nf3 f6 6. Bb5+ Nd7 7. Qe2 c6 8. Bc4 Nc5 9. 0-0 Qd7 10. b4 Bxc4 11. Qxc4 Ne6 12. a4 g6 13. d3 h5 14. c3 dxc3 15. Be3 0-0-0 16. Bxa7 Nf4 17. d4 h4 18. Bb6 exd4 19. Bxd8 Qxd8 20. Rfd1 d3 21. Nf1 Qd7 22. Ne3 Bd6 23. Nd5 Qe6 24. Nd4 Qxe4 25. Nb6+ Kd8 26. f3 Qxd4+ 27. Qxd4 Ne2+ 28. Kf2 Nxd4 29. Rxd3 Nf5 30. Nc4 Kc7 31. Nxd6 Nxd6 32. Rxc3 Ne7 33. Rd1 Kd7 34. b5 Nd5 35. bxc6+ bxc6 36. Rc5 Ra8 37. a5 g5 38. Rdc1 Ra6 39. g3 hxg3+ 40. Kxg3 Nf5+ 41. Kf2 Nd4 0-1